Автомобиль. Разборная модель из 12 отдельных частей в красках, дающих 52 изображения внутреннего и наружнего устройства автомобиля. С полицейскими правилами для езды в общественных местах: пособие для самообучения и преподавания в технических училищах; 9 рис. в тексте

Detalles Bibliográficos
Summary:На последней стр. форзаца размещена разборная модель автомобиля.
Idioma:ruso
Publicado: Санкт-Петербург, Книгоиздательство Ф. В. Щепанского, 1904
Subjects:
Formato: Libro
KOHA link:https://koha.lib.tpu.ru/cgi-bin/koha/opac-detail.pl?biblionumber=339757

MARC

LEADER 00000nam0a2200000 4500
001 339757
005 20231102005155.0
035 |a (RuTPU)RU\TPU\book\366296 
090 |a 339757 
100 |a 20180125d1904 m y0rusy50 ca 
101 0 |a rus 
102 |a RU 
105 |a a z 000zy 
200 1 |a Автомобиль. Разборная модель из 12 отдельных частей в красках, дающих 52 изображения внутреннего и наружнего устройства автомобиля. С полицейскими правилами для езды в общественных местах  |e пособие для самообучения и преподавания в технических училищах  |e 9 рис. в тексте 
210 |a Санкт-Петербург  |c Книгоиздательство Ф. В. Щепанского  |d 1904 
215 |a 12 с.  |c ил. 
300 |a На последней стр. форзаца размещена разборная модель автомобиля. 
606 |a Автомобили  |2 stltpush  |3 (RuTPU)RU\TPU\subj\986  |9 29789 
610 1 |a автомобили 
610 1 |a двигатели 
610 1 |a расход топлива 
610 1 |a правила 
610 1 |a колеса 
610 1 |a устройство автомобиля 
675 |a 629.113  |v 4 
801 1 |a RU  |b 63413507  |c 20180125 
801 2 |a RU  |b 63413507  |c 20180125  |g RCR 
942 |c BK